Premier League XIs 2011-12 - Statistics

General Stats
  • This quiz has been taken 270 times
    246 since last reset
  • The average score is 80 of 220
Answer Stats
Position Answer % Correct
ST Demba Ba Newcastle United
88%
GK Petr Cech Chelsea
88%
GK Joe Hart Manchester City
86%
ST Wayne Rooney Manchester United
86%
DF Rio Ferdinand Manchester United
85%
ST Robin Van Persie Arsenal
85%
DF Ashley Cole Chelsea
84%
GK David de Gea Manchester United
84%
DF John Terry Chelsea
83%
DF Vincent Kompany Manchester City
83%
DF Anton Ferdinand Queens Park Rangers
82%
MF Frank Lampard Chelsea
81%
DF Phil Jones Manchester United
78%
MF Tim Cahill Everton
78%
GK Pepe Reina Liverpool
77%
ST Sergio Aguero Manchester City
77%
ST Luis Suarez Liverpool
76%
MF Yaya Toure Manchester City
76%
DF Gael Clichy Manchester City
75%
MF Michael Carrick Manchester United
75%
ST Fernando Torres Chelsea
74%
DF Bacary Sagna Arsenal
73%
DF Patrice Evra Manchester United
73%
MF Bradley Johnson Norwich City
72%
MF David Silva Manchester City
72%
DF Glen Johnson Liverpool
72%
DF Roger Johnson Wolverhampton Wanderers
72%
MF Luis Antonio Valencia Manchester United
71%
DF Micah Richards Manchester City
71%
ST Peter Crouch Stoke City
71%
GK Tim Howard Everton
71%
DF Laurent Koscielny Arsenal
69%
DF Leighton Baines Everton
69%
DF Martin Skrtel Liverpool
68%
MF Gareth Bale Tottenham Hotspur
67%
MF Theo Walcott Arsenal
67%
MF James Milner Manchester City
66%
GK Wojciech Szczesny Arsenal
66%
MF Ashley Young Manchester United
65%
DF Luke Young Queens Park Rangers
65%
MF Samir Nasri Manchester City
65%
MF Gareth Barry Manchester City
64%
DF Daniel Agger Liverpool
63%
DF Per Mertesacker Arsenal
63%
DF Joleon Lescott Manchester City
62%
DF Branislav Ivanovic Chelsea
60%
MF Charlie Adam Liverpool
60%
ST Danny Welbeck Manchester United
60%
MF Luka Modric Tottenham Hotspur
60%
MF Nani Manchester United
60%
GK Brad Friedel Tottenham Hotspur
59%
ST Daniel Sturridge Chelsea
59%
ST Steven Fletcher Wolverhampton Wanderers
59%
MF Ramires Chelsea
58%
ST Darren Bent Aston Villa
57%
ST Emmanuel Adebayor Tottenham Hotspur
56%
MF Juan Mata Chelsea
56%
DF Phil Jagielka Everton
55%
MF Joe Allen Swansea City
53%
DF John O'Shea Sunderland
53%
DF Jonny Evans Manchester United
53%
DF Jose Bosingwa Chelsea
53%
GK Tim Krul Newcastle United
53%
MF Dirk Kuyt Liverpool
52%
ST Gabriel Agbonlahor Aston Villa
52%
MF Mikel Arteta Arsenal
52%
MF Stewart Downing Liverpool
52%
ST Andy Carroll Liverpool
51%
MF Jordan Henderson Liverpool
51%
MF Alex Song Arsenal
49%
DF Ashley Williams Swansea City
48%
DF Jose Enrique Liverpool
48%
DF Kyle Walker Tottenham Hotspur
48%
MF Aaron Ramsey Arsenal
47%
ST Kevin Davies Bolton Wanderers
47%
MF Mark Davies Bolton Wanderers
47%
MF Marouane Fellaini Everton
46%
MF Aaron Lennon Tottenham Hotspur
45%
GK Simon Mignolet Sunderland
45%
DF Wes Brown Sunderland
45%
DF Neil Taylor Swansea City
44%
MF Phil Neville Everton
44%
DF Ryan Taylor Newcastle United
44%
DF Steven Taylor Newcastle United
44%
MF James McCarthy Wigan Athletic
43%
GK Ben Foster West Bromwich Albion
42%
MF Clint Dempsey Fulham
42%
DF Ledley King Tottenham Hotspur
42%
GK Paul Robinson Blackburn Rovers
42%
MF Shaun Wright-Phillips Queens Park Rangers
42%
DF Benoit Assou-Ekotto Tottenham Hotspur
41%
DF Thomas Vermaelen Arsenal
41%
GK Asmir Begovic Stoke City
40%
DF Ryan Shawcross Stoke City
39%
MF Scott Parker Tottenham Hotspur
39%
MF Rafael van der Vaart Tottenham Hotspur
38%
DF Fabricio Coloccini Newcastle United
37%
ST Moussa Dembele Fulham
36%
MF Raul Meireles Chelsea
36%
MF Cheik Tiote Newcastle United
34%
ST Gervinho Arsenal
34%
MF Leon Osman Everton
34%
DF John Arne Riise Fulham
33%
DF Marc Wilson Stoke City
33%
DF Sylvain Distin Everton
33%
ST Louis Saha Everton
32%
DF Russell Martin Norwich City
31%
GK Shay Given Aston Villa
31%
MF Adel Taarabt Queens Park Rangers
29%
MF Karl Henry Wolverhampton Wanderers
29%
GK Mark Schwarzer Fulham
29%
GK Michel Vorm Swansea City
29%
GK Ali Al Habsi Wigan Athletic
28%
MF Yohan Cabaye Newcastle United
28%
DF Brede Hangeland Fulham
27%
MF James McArthur Wigan Athletic
27%
MF Jermaine Pennant Stoke City
27%
MF Joey Barton Queens Park Rangers
27%
DF Richard Dunne Aston Villa
27%
ST Shane Long West Bromwich Albion
27%
ST Emile Heskey Aston Villa
26%
GK John Ruddy Norwich City
26%
MF Morten Gamst Pedersen Blackburn Rovers
26%
MF Nathan Dyer Swansea City
26%
DF Younes Kaboul Tottenham Hotspur
26%
DF Aaron Hughes Fulham
25%
DF Angel Rangel Swansea City
25%
MF Charles N'Zogbia Aston Villa
25%
MF Danny Murphy Fulham
25%
DF Robert Huth Stoke City
25%
DF Tony Hibbert Everton
25%
MF Chris Brunt West Bromwich Albion
24%
MF Damien Duff Fulham
24%
MF Wayne Routledge Swansea City
24%
ST Yakubu Blackburn Rovers
24%
ST Franco Di Santo Wigan Athletic
22%
ST Grant Holt Norwich City
22%
ST Jonathan Walters Stoke City
22%
MF Jordi Gomez Wigan Athletic
22%
ST Nicklas Bendtner Sunderland
22%
MF Wes Hoolahan Norwich City
22%
MF Lee Cattermole Sunderland
21%
DF Maynor Figueroa Wigan Athletic
21%
ST Stephane Sessegnon Sunderland
21%
MF Stephen Ward Wolverhampton Wanderers
21%
DF Armand Traore Queens Park Rangers
20%
DF James Collins Aston Villa
20%
MF Jonas Gutierrez Newcastle United
20%
ST Kevin Doyle Wolverhampton Wanderers
20%
DF Johnny Heitinga Everton
19%
MF Martin Petrov Bolton Wanderers
19%
ST Peter Odemwingie West Bromwich Albion
19%
MF Sebastian Larsson Sunderland
19%
MF Steven Nzonzi Blackburn Rovers
19%
MF Stiliyan Petrov Aston Villa
19%
ST Victor Moses Wigan Athletic
19%
MF Glenn Whelan Stoke City
18%
DF Jonas Olsson West Bromwich Albion
18%
MF Leon Britton Swansea City
18%
DF Martin Olsson Blackburn Rovers
18%
DF Mike Williamson Newcastle United
18%
MF James Morrison West Bromwich Albion
17%
DF Alan Hutton Aston Villa
16%
MF Craig Gardner Sunderland
16%
ST Jamie Mackie Queens Park Rangers
16%
MF Kieran Richardson Sunderland
16%
GK Paddy Kenny Queens Park Rangers
15%
DF Phil Bardsley Sunderland
15%
GK Adam Bogdan Bolton Wanderers
14%
DF Christophe Berra Wolverhampton Wanderers
14%
ST Danny Graham Swansea City
14%
DF Zat Knight Bolton Wanderers
14%
DF Clint Hill Queens Park Rangers
13%
ST David Hoilett Blackburn Rovers
13%
DF Gareth McAuley West Bromwich Albion
13%
MF Jerome Thomas West Bromwich Albion
13%
MF Nigel Reo-Coker Bolton Wanderers
13%
GK Wayne Hennessey Wolverhampton Wanderers
13%
ST Bryan Ruiz Fulham
12%
MF Jack Colback Sunderland
12%
MF Matthew Etherington Stoke City
12%
MF Matthew Jarvis Wolverhampton Wanderers
12%
DF Scott Dann Blackburn Rovers
12%
ST Scott Sinclair Swansea City
12%
DF Stephen Kelly Fulham
12%
DF Danny Simpson Newcastle United
11%
DF Gary Caldwell Wigan Athletic
11%
DF Steven Reid West Bromwich Albion
11%
MF Youssuf Mulumbu West Bromwich Albion
11%
DF Emerson Boyce Wigan Athletic
9%
DF Grant Hanley Blackburn Rovers
9%
DF Philippe Senderos Fulham
9%
MF Alejandro Faurlin Queens Park Rangers
8%
DF David Wheater Bolton Wanderers
8%
DF Kyle Naughton Norwich City
8%
DF Stephen Warnock Aston Villa
8%
MF Anthony Pilkington Norwich City
7%
DF Gretar Rafn Steinsson Bolton Wanderers
7%
DF Antolin Alcaraz Wigan Athletic
6%
ST David N'Gog Bolton Wanderers
6%
DF Gael Givet Blackburn Rovers
6%
MF Jamie O'Hara Wolverhampton Wanderers
6%
DF Jonathan Woodgate Stoke City
6%
DF Nicky Shorey West Bromwich Albion
6%
MF Shaun Derry Queens Park Rangers
6%
MF Chris Eagles Bolton Wanderers
5%
MF Dean Whitehead Stoke City
5%
MF Mohamed Diame Wigan Athletic
5%
DF Steven Caulker Swansea City
5%
MF David Fox Norwich City
4%
MF Gabriel Obertan Newcastle United
4%
DF Sam Ricketts Bolton Wanderers
4%
MF Chris Herd Aston Villa
3%
DF Richard Stearman Wolverhampton Wanderers
3%
MF David Edwards Wolverhampton Wanderers
2%
DF Jason Lowe Blackburn Rovers
2%
MF Mauro Formica Blackburn Rovers
2%
ST Steve Morison Norwich City
2%
DF Zak Whitbread Norwich City
2%
MF Andrew Surman Norwich City
0%
No matching quizzes found
Score Distribution
Percent of People with Each Score
Percentile by Number Answered
Your Score History
You have not taken this quiz since the last reset